000 00277nam a22001337a 4500
008 171024b xxu||||| |||| 00| 0 eng d
020 _a072164127-X
041 _aeng
080 _a311
100 _a55
101 _aSTA
245 _aSTATISTICS
_cGILBERT,N
942 _2udc
_cBK
999 _c35720
_d35720